01138nam a22002895a 45000050016000000080041000160100014000570200026000710350013000970350017001100370015001270370021001420400018001630820011001811000018001922450093002102600032003032700069003353000026004045000050004305200139004805460068006196500041006876500065007286500028007936500027008212009062208288.0090226s2009 ii b 001 0 eng  aENG-94165 a9780415480055c850.00 aEN-77698 aB-361835-841 bDBAD / PUB bUppal Book Store adplbEnglish  a891.41 aAkshaya Kumar aPoetry, politics, and culture :bessays on Indian texts and contexts /cby Akshaya Kumar aNew Delhi bRoutledgec2009 a912-915 Tolstory House, 15-17 Tolstoy Marg, bNew Delhi e110001 ax, 400 p. c23cm(Hb)  aIncludes bibliographical references and index aStudy of Hindi poetry from 15th century to 20th century, Marathi, Gujarati, Panjabi, and Indic English poetry of the post-1947 period. aPassages translated from Hindi, Gujarati, Marathi, and Panjabi. aIndic poetryxHistory and criticism. aIndic poetry (English)y20th centuryxHistory and criticism. aPolitics in literature. aCulture in literature.